Detalles MARC
| 000 -CABECERA |
| Campo de control |
02428cam a2200265 a 4500 |
| 005 - FECHA Y HORA DE LA ULTIMA TRANSACCION |
| Campo de control |
20171003161406.0 |
| 008 - ELEMENTOS DE LONGITUD FIJA—INFORMACION GENERAL |
| Campo de control |
930702s1993 njuabf b 001 0 eng |
| 020 ## - ISBN |
| ISBN |
0691085692 |
| 040 ## - FUENTE DE CATALOGACIÓN |
| Agencia transcriptora |
DLC |
| Agencia Modificadora |
DLC$dOrLoB |
| Agencia catalogadora original |
CO-BoIAVH |
| Agencia Modificadora |
CO-BoIAVH |
| 041 1# - IDIOMA |
| Código de idioma para texto/pista de sonido o título separado |
Inglés |
| Código de idioma de la versión original y/o traducciones intermedias del texto |
Portugués |
| 082 0# - NUMERO DE CLASIFICACION DECIMAL DEWEY |
| Número de clasificación |
598.0981 |
| Número del ítem |
S56b |
| 100 1# - ASIENTO PRINCIPAL--NOMBRE PERSONAL |
| Nombre personal |
Sick, Helmut |
| Fechas asociadas con el nombre |
1910- |
| Término relacionado |
autor |
| 9 (RLIN) |
85657 |
| 245 10 - MENCION DE TITULO |
| Título |
Birds in Brazil : |
| Parte restante del título |
a natural history / |
| Mención de responsabilidad |
Helmut Sick ; ilustrado por Paul Barruel con placas a color por Paul Barruel y John P. O'Neill ; traducido del portugués por William Belton. |
| 260 ## - PUBLICACION, DISTRIBUCION, ETC. (PIE DE IMPRENTA) |
| Lugar de publicación, distribución, etc. |
Princeton, N.J. (EE.UU.) : |
| Nombre del editor, distribuidor, etc. |
Princeton University Press, |
| Fecha de publicación, distribución, etc. |
c1993. |
| 300 ## - DESCRIPCION FISICA |
| Extensión |
xvii, 703 páginas, [47] páginas de placas : |
| Otros detalles físicos |
ilustraciones (algunas a color) y mapas ; |
| Dimensiones |
29 x 23 cm. |
| 500 ## - NOTA GENERAL |
| Nota general |
Traducción de: Ornitologia brasileira. |
| 504 ## - NOTA DE BIBLIOGRAFIA, ETC. |
| Nota de bibliografía |
Incluye referencias bibliográficas: páginas 643-649 e índices. |
| 505 20 - NOTA DE CONTENIDO |
| Title |
Foreword (to the Brazilian edition) / |
| Statement of responsibility |
Aristides Azevedo Pacheco Leao -- |
| Title |
A Discrete Wise Man / |
| Statement of responsibility |
Carlos Drummond de Andrade -- |
| Title |
Expressions of Appreciation -- |
| Miscellaneous information |
Ch. 1. |
| Title |
The Country and Its Birds. |
| Miscellaneous information |
1.1. |
| Title |
Morphoclimatic Domains. |
| Miscellaneous information |
1.2. |
| Title |
Terrain Types and Their Avifauna. |
| Miscellaneous information |
1.3. |
| Title |
Principal Habitats of Brazilian Birds -- |
| Miscellaneous information |
Ch. 2. |
| Title |
A Short History of Ornithology in Brazil, from The Sixteenth Century to the Early Twentieth Century -- |
| Miscellaneous information |
Ch. 3. |
| Title |
Conservation in Brazil. |
| Miscellaneous information |
3.1. |
| Title |
History of Conservation in Brazil. |
| Miscellaneous information |
3.2. |
| Title |
Conservation Units. |
| Miscellaneous information |
3.3. |
| Title |
The Minimal Critical Size of Ecosystems Projects. |
| Miscellaneous information |
3.4. |
| Title |
Conservation Problems, Especially in Amazonia. |
| Miscellaneous information |
3.5. |
| Title |
Atlantic Forest and Calcareous Forest. |
| Miscellaneous information |
3.6. |
| Title |
Reforestation, Faunal Dependence and Environmental Preservation. |
| Miscellaneous information |
3.7. |
| Title |
Pollution: Birds as Bioindicators. |
| Miscellaneous information |
3.8. |
| Title |
Illegal Trade in Birds: New Perspectives. |
| Miscellaneous information |
3.9. |
| Title |
New Orientation -- |
| Miscellaneous information |
Ch. 4. |
| Title |
Biogeography and Speciation / |
| Statement of responsibility |
Jurgen Haffer -- |
| Miscellaneous information |
Ch. 5. |
| Title |
The Birds. |
| Miscellaneous information |
5.1. |
| Title |
Birds of the Neotropics. |
| Miscellaneous information |
5.2. |
| Title |
Fossil Birds / |
| Statement of responsibility |
Herculano Alvarenga. |
| Miscellaneous information |
5.3. |
| Title |
Categories of Brazilian Birds. |
| Miscellaneous information |
5.4. |
| Title |
Population Analyses and Biodiversity. |
| Miscellaneous information |
5.5. |
| Title |
Sources. |
| -- |
Illustrated Guide to the Orders and Families of Brazilian Birds -- |
| Miscellaneous information |
Ch. 6. |
| Title |
Family and Species Accounts. |
| 650 26 - ASIENTO SECUNDARIO DE MATERIA - TERMINO TEMATICO |
| Término temático o nombre geográfico como elemento de entrada |
Aves |
| Subdivisión general |
Taxonomía |
| Subdivisión geográfica |
Brasil |
| 9 (RLIN) |
85658 |
| 650 26 - ASIENTO SECUNDARIO DE MATERIA - TERMINO TEMATICO |
| Término temático o nombre geográfico como elemento de entrada |
Ornitología |
| Subdivisión geográfica |
Brasil |
| 9 (RLIN) |
85659 |
| 650 #0 - ASIENTO SECUNDARIO DE MATERIA - TERMINO TEMATICO |
| Término temático o nombre geográfico como elemento de entrada |
Aves |
| Subdivisión general |
Conservación |
| Subdivisión geográfica |
Brasil |
| 9 (RLIN) |
85660 |
| 710 20 - ASIENTO SECUNDARIO - NOMBRE CORPORATIVO |
| Nombre corporativo o de jurisdicción como elemento de entrada |
International Council for Bird Preservation. |
| Unidad subordinada |
Pan American Continental Section |
| 9 (RLIN) |
85661 |
| 710 20 - ASIENTO SECUNDARIO - NOMBRE CORPORATIVO |
| Nombre corporativo o de jurisdicción como elemento de entrada |
Companhia Vale do Rio Doce |
| 9 (RLIN) |
85662 |
| 942 ## - ELEMENTOS ADICIONALES (KOHA) |
| Sistema de clasificación |
Dewey Decimal Classification |
| Tipo de ítem |
Libro |